00627nam a22001937a 450000500170000001000150001702000260003203500140005803700130007208200060008510000180009124500430010926000590015227000450021130000210025694200200027799900190029795201170031620170517110050.0 aENG-118187 a9789386120755c110.00 aEN-101719 bDBAD/PUB aN aRajesh, Jisha aWe shall meet again /cby Jisha Rajesh aThrissurbG-Motivation An Imprint Of Green Booksc2016 aLittle Road, Ayyanthole, Thrissur-680003 a104pc22cm.(pbk) 2ddccENhNmRAJ c139988d139988 001040718FICaDBADbBNd2017-05-17eDBAD/PUBg110.00l0oN RAJpEN-101719r2017-05-17 00:00:00t1v110.00yEN